[Event "10. Forchheimer Sparkassen Open"]
[Site "Forchheim"]
[Date "2011.10.08"]
[Round "3.24"]
[White "Meulner, Fabian"]
[Black "Askri, Samir"]
[Result "1-0"]
[WhiteElo "1714"]
[BlackElo "1594"]
[PlyCount "53"]
[EventDate "2011.??.??"]
[WhiteTeam "SW Nürnberg Süd e.V."]
[BlackTeam "SG Siemens Amberg"]

1. d4 {[%emt 0:00:00]} d6 2. e4 g6 3. Be3 Nf6 4. Nc3 Bg7 5. h3 Nbd7 6. Nf3 O-O
7. Qd2 c6 8. a4 Qc7 9. Bc4 a6 10. O-O Rb8 11. a5 b5 12. axb6 Nxb6 13. Be2 Bb7
14. b3 Ra8 15. Bh6 Rfd8 16. Bxg7 Kxg7 17. Qe3 Nbd7 18. e5 dxe5 19. dxe5 Nd5 20.
Nxd5 cxd5 21. e6 Nf6 22. exf7 Kxf7 23. Ng5+ Ke8 24. Ne6 Qxc2 25. Nxd8 Kxd8 26.
Rac1 Qe4 27. Qb6+ 1-0

[Event "10. Forchheimer Sparkassen Open"]
[Site "Forchheim"]
[Date "2011.10.08"]
[Round "3.26"]
[White "Unkelbach, Manfred"]
[Black "Löw, Gerald"]
[Result "0-1"]
[WhiteElo "1798"]
[BlackElo "2215"]
[PlyCount "74"]
[EventDate "2011.??.??"]
[WhiteTeam "SC-SF 1957 Stockstadt"]
[BlackTeam "TSV Bindlach Aktionär-Schachabte"]

1. d4 {[%emt 0:00:00]} Nf6 2. Nf3 g6 {[%emt 0:00:00]} 3. c3 Bg7 4. Nbd2 d5 5.
Ne5 Nfd7 6. Nxd7 Nxd7 7. e4 c6 8. Bd3 O-O 9. O-O b6 10. f4 Bb7 11. exd5 cxd5
12. Nf3 Nf6 13. f5 Ne4 14. Nd2 Qd7 15. Qf3 e6 16. g4 Rae8 17. Qh3 exf5 18. gxf5
Bc8 19. a4 Qe7 20. Bb5 Rd8 21. Nxe4 dxe4 22. Qg3 Bxf5 23. Bg5 f6 24. Bf4 Rf7
25. Rad1 Be6 26. Qe3 g5 27. Bg3 f5 28. Bf2 Bd5 29. c4 f4 30. Qh3 Be6 31. Qh5 e3
32. Bxe3 fxe3 33. d5 Bf5 34. Qe2 Qe4 35. Rde1 Bd4 36. Rd1 Bg4 37. Rxd4 Qxd4 0-1

[Event "10. Forchheimer Sparkassen Open"]
[Site "Forchheim"]
[Date "2011.10.08"]
[Round "3.27"]
[White "Heimrath, Reiner"]
[Black "Myagkov, Kirill"]
[Result "1-0"]
[WhiteElo "2201"]
[BlackElo "1748"]
[PlyCount "27"]
[EventDate "2011.??.??"]

1. e4 {[%emt 0:00:00]} e5 2. Nf3 Nc6 3. d4 exd4 4. Nxd4 Nf6 5. Nxc6 bxc6 6. Bd3
Bc5 7. e5 Nd5 8. Qg4 Ne7 9. Qxg7 Rg8 10. Qxh7 Rxg2 11. Nc3 d5 12. Bf4 d4 13.
Ne4 Bb4+ 14. Kf1 1-0

[Event "10. Forchheimer Sparkassen Open"]
[Site "Forchheim"]
[Date "2011.10.08"]
[Round "3.28"]
[White "Gunnarsson, Leif"]
[Black "Hilverda, Alexander"]
[Result "0-1"]
[WhiteElo "1783"]
[BlackElo "2150"]
[PlyCount "46"]
[EventDate "2011.??.??"]
[BlackTeam "Gütersloher Schachverein von 192"]

1. e4 {[%emt 0:00:00]} c5 2. Nf3 e6 3. c4 Nc6 4. Nc3 Nf6 5. d3 Be7 6. Bf4 d6 7.
g3 O-O 8. Bg2 Nh5 9. Bd2 f5 10. O-O f4 11. Qe2 e5 12. Nd5 Bg4 13. Bc3 Qd7 14.
h3 Bxh3 15. Nxe5 Nxe5 16. Bxe5 Bxg2 17. Qxh5 Bxf1 18. Bc3 Bxd3 19. Nxe7+ Qxe7
20. Qd5+ Qf7 21. Qxd3 fxg3 22. Qxg3 Rae8 23. Re1 Re6 0-1

[Event "10. Forchheimer Sparkassen Open"]
[Site "Forchheim"]
[Date "2011.10.08"]
[Round "3.29"]
[White "Junk, Philipp"]
[Black "Fuchs, Gerhard"]
[Result "0-1"]
[WhiteElo "1758"]
[BlackElo "2074"]
[PlyCount "84"]
[EventDate "2011.??.??"]

1. e4 {[%emt 0:00:00]} e5 2. Bc4 Nc6 3. d3 Nf6 4. Bg5 Bc5 5. Nc3 h6 6. Bh4 g5
7. Bg3 d6 8. Nge2 Be6 9. Bxe6 fxe6 10. h4 g4 11. h5 Qd7 12. Qd2 Qf7 13. Rh4
O-O-O 14. Na4 Bb6 15. Nxb6+ axb6 16. O-O-O Rdg8 17. Rdh1 Rg5 18. Kb1 d5 19.
exd5 exd5 20. d4 Nxh5 21. dxe5 Nxe5 22. Bxe5 Rxe5 23. Qd4 Rhe8 24. Qxg4+ Kb8
25. Nc1 Nf6 26. Qf3 h5 27. Nd3 Rg5 28. Rf4 Re6 29. Rd1 Qg6 30. g3 Rg4 31. Rf5
Rge4 32. Rf4 c5 33. a3 d4 34. b4 Re2 35. Rf5 Ne4 36. Qf4+ Ka7 37. Rh1 c4 38.
Rf8 cxd3 39. Qb8+ Ka6 40. Qa8+ Kb5 41. Qxb7 Nc3+ 42. Kc1 Rxc2# 0-1

[Event "10. Forchheimer Sparkassen Open"]
[Site "Forchheim"]
[Date "2011.10.08"]
[Round "3.30"]
[White "Justi, Fabian"]
[Black "Willim, Michael"]
[Result "0-1"]
[WhiteElo "1737"]
[BlackElo "2068"]
[PlyCount "118"]
[EventDate "2011.??.??"]
[WhiteTeam "SC Forchheim e.V."]
[BlackTeam "SC Erlangen 48/88 e.V."]

1. e4 {[%emt 0:00:00]} e6 2. d4 d5 3. Nd2 Nf6 4. e5 Nfd7 5. Bd3 c5 6. c3 Nc6 7.
Ne2 cxd4 8. cxd4 f6 9. Nf4 Nxd4 10. Qh5+ Ke7 11. exf6+ Nxf6 12. Qh4 e5 13. Ng6+
hxg6 14. Qxh8 Kf7 15. Qh4 e4 16. O-O Nf5 17. Qh3 exd3 18. Qxd3 Ne7 19. Nf3 Bf5
20. Qb3 Qb6 21. Qxb6 axb6 22. Be3 Nd7 23. a3 Nc6 24. Rfd1 Be7 25. Rxd5 Bf6 26.
Rad1 Rd8 27. b4 Ke8 28. Re1 Ne7 29. Rd6 Ra8 30. Bxb6 Rxa3 31. Bc5 Nxc5 32. bxc5
Rc3 33. Rb6 Bc8 34. Rb5 Kd7 35. Nd2 Rc2 36. Ne4 Bd4 37. g3 Kc6 38. Rb6+ Kc7 39.
Rb4 Nc6 40. Rb3 Ne5 41. Kg2 Be6 42. Rb4 Nd3 43. Rxb7+ Kxb7 44. Nd6+ Kc6 45.
Rxe6 Rxf2+ 46. Kh3 Rf6 47. Re8 Nxc5 48. Ne4 Nxe4 49. Rxe4 Kd5 50. Re2 Re6 51.
Ra2 Ke4 52. Kg4 Rb6 53. h4 Rb3 54. Ra6 Bf6 55. Rc6 Rb4 56. Ra6 Ke3+ 57. Kh3 Rc4
58. g4 Kf3 59. g5 Rc1 0-1

[Event "10. Forchheimer Sparkassen Open"]
[Site "Forchheim"]
[Date "2011.10.08"]
[Round "3.31"]
[White "Wagner, Robert"]
[Black "Nussbaumer, Johann"]
[Result "0-1"]
[WhiteElo "1733"]
[BlackElo "2050"]
[PlyCount "134"]
[EventDate "2011.??.??"]

1. d4 {[%emt 0:00:00]} d5 2. c4 c6 3. Nf3 e6 4. e3 f5 5. Ne5 Nf6 6. Bd3 Bd6 7.
f4 O-O 8. O-O Bd7 9. Nd2 Be8 10. Ndf3 Bh5 11. Bd2 Nbd7 12. Be1 Bxe5 13. fxe5
Ne4 14. Bb4 Re8 15. Qe1 a5 16. Bc3 Nxc3 17. bxc3 dxc4 18. Bxc4 b5 19. Bd3 Bxf3
20. Rxf3 Nxe5 21. dxe5 Qxd3 22. e4 Qxe4 23. Qxe4 fxe4 24. Re3 Red8 25. Rxe4 Rd3
26. Rc1 Rad8 27. Rd4 R8xd4 28. cxd4 Rxd4 29. Rxc6 Ra4 30. Rc2 Kf7 31. Kf2 Ra3
32. Re2 Kg6 33. Ke1 Kf5 34. Kd1 Rd3+ 35. Kc2 Rd5 36. Rf2+ Kg5 37. Re2 h5 38.
Kb3 g6 39. a4 bxa4+ 40. Kxa4 Kf5 41. h3 Rxe5 42. Rf2+ Ke4 43. h4 Ke3 44. Rf3+
Ke2 45. Rf6 g5 46. hxg5 Rxg5 47. Rxe6+ Kf2 48. Rh6 Kxg2 49. Rh7 Kg3 50. Rc7 Rf5
51. Re7 Kf3 52. Re1 Kf2 53. Rc1 h4 54. Rc2+ Kg3 55. Rc3+ Kg4 56. Rc7 h3 57. Rb7
Kg3 58. Rg7+ Kf2 59. Rh7 Kg2 60. Rg7+ Kf2 61. Rh7 Rf3 62. Kxa5 Kg2 63. Rg7+ Rg3
64. Rd7 h2 65. Rd2+ Kh3 66. Rd1 Rg1 67. Rd3+ Kg4 0-1

[Event "10. Forchheimer Sparkassen Open"]
[Site "Forchheim"]
[Date "2011.10.08"]
[Round "3.33"]
[White "Kesik, Marco"]
[Black "Bachstein, Dustin"]
[Result "0-1"]
[WhiteElo "1715"]
[BlackElo "2030"]
[PlyCount "60"]
[EventDate "2011.??.??"]

1. d4 {[%emt 0:00:00]} Nf6 2. c4 g6 3. Nc3 Bg7 4. g3 O-O 5. Bg2 d6 6. e4 Nbd7
7. Nf3 c5 8. d5 a6 9. O-O Rb8 10. Qe2 b5 11. cxb5 axb5 12. Nxb5 Ba6 13. a4 Qa5
14. Ra3 Bxb5 15. axb5 Qxb5 16. Re1 Qxe2 17. Rxe2 Ra8 18. Nd2 Ne5 19. f4 Rxa3
20. fxe5 Ra1 21. Nb3 Rxc1+ 22. Nxc1 Nd7 23. exd6 exd6 24. b3 Rb8 25. Ra2 Bh6
26. Bh3 Nf6 27. Ne2 Rxb3 28. Ra8+ Bf8 29. e5 dxe5 30. d6 Rd3 0-1

[Event "10. Forchheimer Sparkassen Open"]
[Site "Forchheim"]
[Date "2011.10.08"]
[Round "3.34"]
[White "Lechermann, Markus"]
[Black "Reich, Christian"]
[Result "1-0"]
[WhiteElo "2026"]
[BlackElo "1686"]
[PlyCount "55"]
[EventDate "2011.??.??"]
[WhiteTeam "MTV Ingolstadt"]
[BlackTeam "SC Straubing"]

1. d4 {[%emt 0:00:00]} d5 2. Bf4 Nf6 3. e3 e6 4. c3 Bd6 5. Bg3 c5 6. Nd2 a6 7.
Bd3 c4 8. Bc2 Nc6 9. Ngf3 Qc7 10. e4 dxe4 11. Nxe4 Nxe4 12. Bxe4 O-O 13. O-O
Rb8 14. Re1 b5 15. Bxd6 Qxd6 16. Qc2 g6 17. Rad1 Bb7 18. d5 exd5 19. Bxd5 Qf6
20. Qe4 Na5 21. Ne5 Bc8 22. Nxf7 Kg7 23. Qe7 Rxf7 24. Bxf7 Qxf7 25. Qe5+ Qf6
26. Qxb8 Bb7 27. Rd7+ Kh6 28. Rxb7 1-0

[Event "10. Forchheimer Sparkassen Open"]
[Site "Forchheim"]
[Date "2011.10.08"]
[Round "3.35"]
[White "Barnickel, Josef"]
[Black "Otto, Moritz"]
[Result "1/2-1/2"]
[WhiteElo "2020"]
[BlackElo "1666"]
[PlyCount "96"]
[EventDate "2011.??.??"]

1. Nf3 {[%emt 0:00:00]} d5 2. g3 Nf6 3. Bg2 Bf5 4. c4 e6 5. cxd5 exd5 6. Qb3 b6
7. d3 Nbd7 8. Bf4 Nc5 9. Qc2 Bd6 10. Nd4 Bg6 11. Bg5 Be5 12. Nc6 Qd6 13. Nxe5
Qxe5 14. Bxf6 gxf6 15. Nd2 Nxd3+ 16. Kf1 Nc5 17. Qc1 Bh5 18. Nf3 Bxf3 19. Bxf3
O-O 20. Kg2 Rac8 21. Rd1 Rfd8 22. Rb1 Ne6 23. Qd2 c5 24. Bxd5 Nc7 25. e4 Rd7
26. Qe2 Kh8 27. Bc6 Rd6 28. Bd7 Rxd1 29. Rxd1 Rd8 30. Bf5 Rg8 31. Qh5 Rg7 32.
Rd7 Ne6 33. Kh1 Qxb2 34. Bxe6 Qb1+ 35. Kg2 Qxe4+ 36. Qf3 Qxf3+ 37. Kxf3 fxe6
38. Rd8+ Rg8 39. Rd7 Rc8 40. Rxa7 c4 41. Ke2 b5 42. Ra6 Re8 43. Rb6 Ra8 44.
Rxb5 Rxa2+ 45. Ke3 e5 46. Rc5 Rc2 47. h4 Kg7 48. g4 c3 1/2-1/2

[Event "10. Forchheimer Sparkassen Open"]
[Site "Forchheim"]
[Date "2011.10.08"]
[Round "3.36"]
[White "Nehls, Benedikt"]
[Black "Osthof, Rudolf"]
[Result "1-0"]
[WhiteElo "2012"]
[BlackElo "1651"]
[PlyCount "89"]
[EventDate "2011.??.??"]
[WhiteTeam "SC Erlangen 48/88 e.V."]
[BlackTeam "SC Forchheim e.V."]

1. Nf3 Nf6 2. c4 g6 3. Nc3 Bg7 4. g3 O-O 5. Bg2 c5 6. O-O Nc6 7. a3 a6 8. Rb1
Rb8 9. b4 b6 10. d3 e6 11. Bf4 d6 12. Qd2 Bb7 13. Rfc1 e5 14. Bg5 Qd7 15. Ne1
Nd4 16. Bxb7 Rxb7 17. Bxf6 Bxf6 18. Nd5 Bg7 19. e3 Ne6 20. Qc2 Nc7 21. Nxc7
Rxc7 22. bxc5 bxc5 23. Rb6 Ra8 24. Rcb1 Raa7 25. Qb3 f5 26. Nf3 Bf6 27. Nd2 Kf7
28. Kg2 Rc6 29. Rb7 Rc7 30. Rxc7 Qxc7 31. Qb6 Qxb6 32. Rxb6 Ke7 33. e4 Kd7 34.
exf5 gxf5 35. Nf1 Kc7 36. Rb3 Rb7 37. Rxb7+ Kxb7 38. Ne3 f4 39. Nd5 Bg5 40. Kf3
fxg3 41. fxg3 Kc6 42. Ke4 h6 43. Kf5 Kd7 44. h4 Bd2 45. g4 1-0

[Event "10. Forchheimer Sparkassen Open"]
[Site "Forchheim"]
[Date "2011.10.08"]
[Round "3.38"]
[White "Nigmatulin, Anatolij"]
[Black "Tong, Kevin"]
[Result "1-0"]
[WhiteElo "1996"]
[BlackElo "1646"]
[PlyCount "73"]
[EventDate "2011.??.??"]
[WhiteTeam "SC 1868 Bamberg"]
[BlackTeam "SC Erlangen 48/88 e.V."]

1. e4 {[%emt 0:00:00]} c5 2. Nf3 g6 3. c3 Bg7 4. d4 cxd4 5. cxd4 d5 6. e5 Bg4
7. Be2 Nc6 8. Nbd2 Nh6 9. h3 Bxf3 10. Nxf3 O-O 11. O-O Qb6 12. b3 Rfc8 13. Bb2
a6 14. Rc1 Qa7 15. Qd2 b5 16. Rc2 Qb7 17. Rfc1 Rc7 18. e6 fxe6 19. Ng5 Rcc8 20.
Nxe6 Nf5 21. Bf3 Qd7 22. Nxg7 Kxg7 23. Bxd5 Qxd5 24. Rc5 Qd7 25. d5+ Kg8 26.
Rxc6 Rxc6 27. Rxc6 Rd8 28. Qc3 b4 29. Qh8+ Kf7 30. Qxh7+ Kf8 31. Qxg6 Qxd5 32.
Rxa6 Qe4 33. Bg7+ Kg8 34. Bf6+ Kf8 35. Bxe7+ Kxe7 36. Ra7+ Rd7 37. Qh7+ 1-0

[Event "10. Forchheimer Sparkassen Open"]
[Site "Forchheim"]
[Date "2011.10.08"]
[Round "3.39"]
[White "Jahn, Manuel"]
[Black "Wohlfahrt, Frank"]
[Result "0-1"]
[WhiteElo "1706"]
[BlackElo "1995"]
[PlyCount "108"]
[EventDate "2011.??.??"]

1. d4 {[%emt 0:00:00]} Nf6 2. c4 d6 3. Nc3 Nbd7 4. e4 e5 5. d5 Nc5 6. Qc2 a5 7.
Be3 g6 8. Nge2 Bg7 9. Ng3 O-O 10. O-O-O Ng4 11. Bxc5 dxc5 12. h4 h5 13. Kb1 Bh6
14. Re1 Qf6 15. f3 Ne3 16. Qf2 Nxf1 17. Nxf1 Qe7 18. Ne3 f5 19. d6 cxd6 20.
Ned5 Qf7 21. Nb5 Ra6 22. Qe2 a4 23. Rhf1 Bd7 24. Nbc3 f4 25. Rg1 Kh7 26. Rd1
Rb8 27. Nc7 Rc6 28. N7b5 Bf8 29. g3 Be6 30. Nd5 Be7 31. Nxe7 Qxe7 32. gxf4 exf4
33. Rg5 Rb6 34. Rdg1 Rg8 35. Nc3 a3 36. b3 Rb4 37. Nd5 Bxd5 38. Rxd5 Rb6 39.
Rdg5 Ra6 40. Qd3 Qf6 41. e5 dxe5 42. Rxh5+ Kg7 43. Qd7+ Kf8 44. Qc8+ Kg7 45.
Qxb7+ Kf8 46. Qc8+ Kg7 47. Qd7+ Kf8 48. Rh7 Qf5+ 49. Qxf5+ gxf5 50. Rxg8+ Kxg8
51. Re7 e4 52. fxe4 f3 53. Rd7 f2 54. Rd1 fxe4 0-1

[Event "10. Forchheimer Sparkassen Open"]
[Site "Forchheim"]
[Date "2011.10.08"]
[Round "3.40"]
[White "Belz, Frank-Martin"]
[Black "Schneider, Peter"]
[Result "1-0"]
[WhiteElo "1981"]
[BlackElo "1629"]
[PlyCount "133"]
[EventDate "2011.??.??"]
[WhiteTeam "SK Freising"]
[BlackTeam "TSV Kirchehrenbach"]

1. Nf3 d5 2. c4 c6 3. b3 Nf6 4. Bb2 Nbd7 5. g3 e6 6. Bg2 Bd6 7. O-O O-O 8. d3
Re8 9. Qc2 h6 10. cxd5 exd5 11. e3 Nf8 12. a3 Bd7 13. b4 a6 14. Nc3 N8h7 15.
Na4 b5 16. Nc5 Bxc5 17. Qxc5 Qe7 18. Qxe7 Rxe7 19. Ne5 Be8 20. Rfc1 Rc7 21. Rc5
Nf8 22. Rac1 Rac8 23. Bh3 Ne6 24. R5c2 c5 25. Bxe6 fxe6 26. Rxc5 Rxc5 27. Rxc5
Rxc5 28. bxc5 Nd7 29. Nxd7 Bxd7 30. Kf1 Kf7 31. Ke2 g5 32. f3 Kg6 33. g4 a5 34.
Bc3 a4 35. Kd2 h5 36. h3 hxg4 37. hxg4 Bc6 38. Ke2 Kf7 39. Kf2 Kg6 40. Kg3 Kf7
41. Kf2 Kg6 42. Ke2 Kf7 43. d4 Kf6 44. Kd2 Be8 45. Ba5 Ke7 46. Kc3 Kd7 47. Kb4
Kc6 48. Bd8 Bg6 49. Kc3 e5 50. Bxg5 e4 51. f4 Be8 52. Bd8 Bd7 53. f5 Bc8 54.
Ba5 Kd7 55. Kd2 Ke7 56. Ke1 Bd7 57. Kf2 Kf6 58. Kg3 Kg5 59. Kh3 Bc6 60. Kg3 Bd7
61. Be1 Bc6 62. Bb4 Bd7 63. c6 Bxc6 64. Be7+ Kh6 65. Kf4 Kg7 66. Ke5 Kf7 67.
Bb4 1-0

[Event "10. Forchheimer Sparkassen Open"]
[Site "Forchheim"]
[Date "2011.10.08"]
[Round "3.41"]
[White "Adelhütte, Dennis"]
[Black "Krasotin, Valentin"]
[Result "1-0"]
[WhiteElo "1975"]
[BlackElo "1623"]
[PlyCount "25"]
[EventDate "2011.??.??"]

1. e4 {[%emt 0:00:00]} e5 2. Bc4 Nf6 3. d3 Bc5 4. Nf3 Nc6 5. c3 d5 6. exd5 Nxd5
7. b4 Bb6 8. b5 Nce7 9. Nxe5 Nxc3 10. Bxf7+ Kf8 11. Qf3 Bd4 12. Be6+ Nf5 13.
Ba3+ 1-0

[Event "10. Forchheimer Sparkassen Open"]
[Site "Forchheim"]
[Date "2011.10.08"]
[Round "3.42"]
[White "Schmidt, Tobias"]
[Black "Jacobi, Robin"]
[Result "1/2-1/2"]
[WhiteElo "1690"]
[BlackElo "1967"]
[PlyCount "134"]
[EventDate "2011.??.??"]
[WhiteTeam "SC Tamm 74"]
[BlackTeam "SV Empor Erfurt"]

1. e4 {[%emt 0:00:00]} c5 2. c3 d5 3. exd5 Qxd5 4. d4 cxd4 5. cxd4 Nc6 6. Nf3
e5 7. dxe5 Qxd1+ 8. Kxd1 Bg4 9. Be2 O-O-O+ 10. Nbd2 Bxf3 11. Bxf3 Nxe5 12. Be2
Nf6 13. Kc2 Bc5 14. f3 Nc6 15. Nb3 Bb6 16. Bd2 Nd5 17. Bc4 Rd6 18. Bxd5 Rxd5
19. Bc3 Rhd8 20. Rad1 g6 21. Rxd5 Rxd5 22. Rd1 Rxd1 23. Kxd1 Kd7 24. Ke2 Ke6
25. Kd3 Kd5 26. Nd2 f5 27. Nf1 Bc7 28. Ne3+ Ke6 29. h3 Ne7 30. Bb4 Nc6 31. Bc3
a6 32. Nc2 Ne7 33. g4 fxg4 34. fxg4 h5 35. Ke4 hxg4 36. hxg4 Ng8 37. Ne3 Nh6
38. Bd4 Bd8 39. Kf4 Nf7 40. Ke4 Bc7 41. Bc3 Ng5+ 42. Kd3 Bf4 43. Ng2 Bg3 44.
Ke3 Kd5 45. Be1 Be5 46. b3 Bd4+ 47. Kd3 Ne6 48. Bb4 Ba7 49. Ba3 Ke5 50. Bb2+
Kd5 51. Ba3 Bd4 52. Bb4 b5 53. Be7 Ke5 54. Bb4 Bb2 55. Kc2 Ba1 56. Kd3 Nf4+ 57.
Nxf4 Kxf4 58. a4 bxa4 59. bxa4 Kxg4 60. Kc4 Bf6 61. a5 Bd8 62. Kd5 Kf3 63. Kc6
g5 64. Kb7 g4 65. Kxa6 g3 66. Bc5 g2 67. Kb5 Bxa5 1/2-1/2

[Event "10. Forchheimer Sparkassen Open"]
[Site "Forchheim"]
[Date "2011.10.08"]
[Round "3.44"]
[White "Steppuhn, Thomas"]
[Black "Gebhardt, Christian"]
[Result "1-0"]
[WhiteElo "1957"]
[BlackElo "1593"]
[PlyCount "91"]
[EventDate "2011.??.??"]
[WhiteTeam "SC Bavaria Regensb.1881"]
[BlackTeam "SV Seubelsdorf"]

1. b4 {[%emt 0:00:00]} d5 2. Bb2 Nd7 3. f4 Ngf6 4. Nf3 e6 5. a3 Bd6 6. e3 Qe7
7. Ne5 c6 8. Bd3 Bc7 9. O-O c5 10. Bb5 a6 11. Bxd7+ Bxd7 12. Nc3 Bb6 13. Ne2
Rc8 14. Ng3 Ba4 15. Nh5 Nxh5 16. Qxh5 Bxc2 17. g4 Bg6 18. Qh3 h6 19. f5 Bh7 20.
Qh5 Rc7 21. h4 cxb4 22. g5 Bxf5 23. Rxf5 exf5 24. g6 f6 25. Nf7 Rg8 26. Qxf5
Qe4 27. Nd6+ Kd8 28. Nxe4 dxe4 29. Qxe4 Re8 30. Qxb4 Bc5 31. Qa5 Re4 32. Rc1
Rg4+ 33. Kf1 b6 34. Qxa6 Rxh4 35. Qa8+ Ke7 36. Bd4 Kd6 37. Bxc5+ bxc5 38. Qd8+
Rd7 39. Qb6+ Ke7 40. Qxc5+ Ke6 41. Qc8 Ke7 42. Rc7 Rxc7 43. Qxc7+ Ke6 44. Qxg7
Kf5 45. Qf7 h5 46. g7 1-0

[Event "10. Forchheimer Sparkassen Open"]
[Site "Forchheim"]
[Date "2011.10.08"]
[Round "3.45"]
[White "Walch, Roger"]
[Black "Ruff, Maximilian"]
[Result "1/2-1/2"]
[WhiteElo "1647"]
[BlackElo "1949"]
[PlyCount "85"]
[EventDate "2011.??.??"]

1. e4 {[%emt 0:00:00]} e5 2. Nc3 Nf6 3. Bc4 Bc5 4. d3 d6 5. h3 Nc6 6. a3 Be6 7.
Nd5 Bxd5 8. exd5 Ne7 9. Bg5 Nd7 10. Qf3 f6 11. Bd2 O-O 12. Ne2 Ng6 13. O-O f5
14. c3 e4 15. Qg3 Nde5 16. Bg5 Qd7 17. Nf4 Nxf4 18. Bxf4 Nxc4 19. dxc4 Rf6 20.
b4 Bb6 21. Kh1 h6 22. h4 Kh7 23. h5 Rg8 24. Qh2 Qe7 25. Rae1 g5 26. hxg6+ Rfxg6
27. Qh5 Kg7 28. c5 dxc5 29. Qxf5 Rf8 30. Be5+ Kh7 31. Qxe4 cxb4 32. axb4 Rxf2
33. Rxf2 Bxf2 34. Rf1 Bg3 35. Rf5 Bxe5 36. Rxe5 Qf6 37. Re6 Qg5 38. Re7+ Kh8
39. Re8+ Kh7 40. Kg1 Qc1+ 41. Kh2 Qg5 42. Re7+ Kg8 43. Re8+ 1/2-1/2

[Event "10. Forchheimer Sparkassen Open"]
[Site "Forchheim"]
[Date "2011.10.08"]
[Round "3.46"]
[White "Lais, Thomas"]
[Black "Nitzsche, Pia"]
[Result "1-0"]
[WhiteElo "1919"]
[BlackElo "1565"]
[PlyCount "55"]
[EventDate "2011.??.??"]
[WhiteTeam "SW Nürnberg Süd e.V."]
[BlackTeam "Chemnitzer SC Aufbau`95"]

1. e4 {[%emt 0:00:00]} c5 2. Nf3 d6 3. d4 cxd4 4. Nxd4 Nf6 5. Nc3 g6 6. Be3 Bg7
7. f3 O-O 8. Bc4 Nc6 9. Qd2 Nd7 10. O-O-O Nb6 11. Bb3 Na5 12. Qd3 Bd7 13. Kb1
Rc8 14. g4 Nxb3 15. axb3 a5 16. h4 a4 17. h5 axb3 18. cxb3 Ra8 19. Qd2 Re8 20.
Qh2 Ra6 21. hxg6 fxg6 22. Qxh7+ Kf7 23. Rh6 Rh8 24. Qxg6+ Kg8 25. Rxh8+ Kxh8
26. Rh1+ Kg8 27. Rh7 Qf8 28. Bh6 1-0

[Event "10. Forchheimer Sparkassen Open"]
[Site "Forchheim"]
[Date "2011.10.08"]
[Round "3.47"]
[White "Peiberg, Ehrhard"]
[Black "Auburger, Philipp"]
[Result "0-1"]
[WhiteElo "1594"]
[BlackElo "1919"]
[PlyCount "48"]
[EventDate "2011.??.??"]

1. d4 {[%emt 0:00:00]} Nf6 2. c4 g6 3. Nc3 d5 4. Bf4 Bg7 5. e3 O-O 6. Rc1 c5 7.
dxc5 Qa5 8. Qa4 Qxa4 9. Nxa4 Bd7 10. Nc3 dxc4 11. Bxc4 Bc6 12. f3 Na6 13. Bxa6
bxa6 14. Nge2 Nd5 15. O-O e5 16. Nxd5 Bxd5 17. Bg3 Bxa2 18. e4 Rab8 19. Nd4
exd4 20. Bxb8 Rxb8 21. c6 Be5 22. f4 Bc7 23. Rf2 Rb4 24. e5 Bc4 0-1

[Event "10. Forchheimer Sparkassen Open"]
[Site "Forchheim"]
[Date "2011.10.08"]
[Round "3.48"]
[White "Nagy, Laura"]
[Black "Diller, Andreas"]
[Result "1-0"]
[WhiteElo "1909"]
[BlackElo "1502"]
[PlyCount "120"]
[EventDate "2011.??.??"]
[WhiteTeam "ASK St. Valentin"]
[BlackTeam "SK Rothenburg e.V."]

1. e4 {[%emt 0:00:00]} e6 2. d4 d5 3. Nd2 Nf6 4. exd5 exd5 5. Ngf3 Bd6 6. Bd3
O-O 7. O-O Bg4 8. h3 Bh5 9. c3 Nbd7 10. Qc2 Bg6 11. Nh4 Bxd3 12. Qxd3 Re8 13.
Nf5 Nf8 14. Nf3 Ng6 15. Nxd6 Qxd6 16. Be3 Ne4 17. Nd2 c6 18. Nf3 Nf4 19. Bxf4
Qxf4 20. Ne5 Re6 21. g3 Qh6 22. Kg2 Rae8 23. f3 Qd2+ 24. Qxd2 Nxd2 25. Rf2 f6
26. Nxc6 bxc6 27. Rxd2 Re2+ 28. Rxe2 Rxe2+ 29. Kf1 Rxb2 30. c4 dxc4 31. Rc1 Rb4
32. Rc3 Kf7 33. Ra3 Ke6 34. Ke2 Rb7 35. Kd2 Kd5 36. Kc3 Re7 37. Ra5+ Kd6 38.
Kxc4 g6 39. Kd3 h6 40. h4 Rb7 41. h5 g5 42. g4 Ke6 43. Ra6 Kd5 44. Ra5+ Ke6 45.
Kc4 Kd6 46. Ra6 Rc7 47. d5 Kd7 48. dxc6+ Rxc6+ 49. Kb5 Rxa6 50. Kxa6 Ke6 51.
Kxa7 f5 52. Kb6 fxg4 53. fxg4 Ke5 54. a4 Kf4 55. a5 Kxg4 56. a6 Kxh5 57. a7 g4
58. a8=Q Kh4 59. Qh1+ Kg3 60. Qxh6 Kf3 1-0

[Event "10. Forchheimer Sparkassen Open"]
[Site "Forchheim"]
[Date "2011.10.08"]
[Round "3.49"]
[White "Mager, Denis"]
[Black "Gründel, Johannes"]
[Result "1-0"]
[WhiteElo "1895"]
[BlackElo "1436"]
[PlyCount "59"]
[EventDate "2011.??.??"]

1. d4 {[%emt 0:00:00]} d5 2. c4 e6 3. e3 Nf6 4. b3 Nc6 5. Nf3 Bb4+ 6. Bd2 Bxd2+
7. Nbxd2 O-O 8. Bd3 Re8 9. Ne5 Nd7 10. Ndf3 Ndxe5 11. dxe5 dxc4 12. Bxc4 Nb4
13. O-O a6 14. a3 Nd5 15. Qc2 g6 16. Rfd1 Qe7 17. Bxd5 exd5 18. Rxd5 Be6 19.
Rd4 c6 20. b4 Bd5 21. e4 Be6 22. h3 Rad8 23. Rad1 Rxd4 24. Rxd4 Rd8 25. Qd2
Rxd4 26. Qxd4 Qd7 27. Qd6 f5 28. Ng5 Qxd6 29. exd6 Bd7 30. e5 1-0

[Event "10. Forchheimer Sparkassen Open"]
[Site "Forchheim"]
[Date "2011.10.08"]
[Round "3.50"]
[White "Sivaji, Siva"]
[Black "Daumin, Jan"]
[Result "1/2-1/2"]
[WhiteElo "1890"]
[BlackElo "1429"]
[PlyCount "107"]
[EventDate "2011.??.??"]
[WhiteTeam "SK Luzern"]
[BlackTeam "SV Lauf a.d.P."]

1. d4 {[%emt 0:00:00]} d5 2. c4 e6 3. Nc3 Bb4 4. a3 Ba5 5. b4 Bxb4 6. axb4 dxc4
7. e3 Nf6 8. Bxc4 O-O 9. Nf3 Nc6 10. b5 Ne7 11. Ba3 Re8 12. Bc5 b6 13. Bxe7
Rxe7 14. Ne5 Bb7 15. Nc6 Bxc6 16. bxc6 Qd6 17. Qa4 a5 18. Be2 e5 19. dxe5 Rxe5
20. O-O Rc5 21. Nb5 Qxc6 22. Bf3 Nd5 23. Rfd1 Qxb5 24. Qxb5 Rxb5 25. Bxd5 Rc8
26. Bc6 Rc5 27. Rac1 Rxc1 28. Rxc1 Rd8 29. Kf1 h6 30. Ke2 Kf8 31. f4 Ke7 32. g4
f6 33. Rc4 Rd6 34. e4 Ke6 35. e5 fxe5 36. f5+ Kf6 37. h4 h5 38. g5+ Kxf5 39.
Be4+ Kf4 40. Bf3+ Rd4 41. Rxc7 Kg3 42. Rxg7 Kxh4 43. g6 Kg5 44. Re7 Kxg6 45.
Rxe5 h4 46. Re6+ Kf5 47. Rxb6 Kf4 48. Rh6 Kg3 49. Rg6+ Kf4 50. Rg4+ Ke5 51.
Rg5+ Kf4 52. Rxa5 Kg3 53. Rg5+ Kf4 54. Rg4+ 1/2-1/2

[Event "10. Forchheimer Sparkassen Open"]
[Site "Forchheim"]
[Date "2011.10.08"]
[Round "3.51"]
[White "Wissel, Florian"]
[Black "Luther, Helmut"]
[Result "0-1"]
[WhiteElo "1593"]
[BlackElo "1881"]
[PlyCount "120"]
[EventDate "2011.??.??"]

1. d4 {[%emt 0:00:00]} d5 2. Nf3 Nf6 3. c4 e6 4. Nc3 Nbd7 5. Bg5 c6 6. e3 Qa5
7. Bxf6 Nxf6 8. Nd2 Be7 9. Bd3 O-O 10. O-O Qc7 11. Rc1 a6 12. Nf3 b6 13. e4
dxe4 14. Nxe4 Rd8 15. Qc2 h6 16. Rfd1 Bb7 17. a3 Nxe4 18. Bxe4 Bf6 19. Qb3 Rac8
20. Rc2 Ba8 21. Rcd2 g6 22. h3 Kg7 23. Kh1 c5 24. Bxa8 Rxa8 25. d5 exd5 26.
cxd5 Qd6 27. Re2 Re8 28. Rde1 Rxe2 29. Rxe2 Rd8 30. Rd2 Re8 31. Kg1 b5 32. Kf1
Rd8 33. Qd1 c4 34. Kg1 c3 35. bxc3 Bxc3 36. Rd3 Bf6 37. Qc2 Rd7 38. Qb3 Rc7 39.
g3 Rc1+ 40. Kg2 Rc4 41. Nd2 Ra4 42. Nb1 Qe5 43. Qd1 Qd6 44. Qb3 h5 45. Rd2 h4
46. g4 Rc4 47. Rd3 Qf4 48. Nd2 Be5 49. Nxc4 bxc4 50. Qc2 cxd3 51. Qxd3 a5 52.
Qb3 a4 53. Qd3 Bd6 54. Qc3+ Qe5 55. Qd3 Qh2+ 56. Kf1 Qh1+ 57. Ke2 Qa1 58. Qa6
Qa2+ 59. Kf1 Qxa3 60. Qb6 Qxh3+ 0-1